| 000 | 00835cab a2200289 4500 | ||
|---|---|---|---|
| 001 | ABS55005 | ||
| 008 | 090401t1996 xxu||||| |||| 00| 0 eng d | ||
| 035 | _a(Sirsi) u13559 | ||
| 041 | _aeng | ||
| 100 | _aHutchinson, L. | ||
| 245 | _aDisclaimer and guarantors | ||
| 260 | _c1996 | ||
| 350 | _a0 | ||
| 490 |
_aEstates Gazette _v(9614) 6 April 1996, 81(1) |
||
| 520 | _aConsiders the position of guarantors and disclaimer clauses post "Hindcastle Ltd v Attenborough Associates Ltd" 1996. | ||
| 650 | _aDISCLAIMERS | ||
| 650 | _aGUARANTORS | ||
| 650 | _aHINDCASTLE LTD V ATTENBOROUGH ASSOCIATES | ||
| 650 |
_aInsolvency _96247 |
||
| 650 | _aLEASES | ||
| 650 | _aORIGINAL TENANT LIABILITY | ||
| 650 | _aSURETIES | ||
| 690 | _aPROPERTY-LANDLORD AND TENANT | ||
| 700 | _aObank, R. | ||
| 942 | _n0 | ||
| 948 | _c04/03/1997 | ||
| 999 |
_c8733 _d8733 |
||